000
00228nam a2200097Ia 4500
005
20251222114349.0
008
251222s1900||||xx |||||||||||||| ||spa||
082
_a
DVD0040/K22/2001
245
0
_a
El Guerrero:The Warrior
942
_c
DVD
999
_c
1150
_d
1150